|
|
|
|
| LEADER |
00961ncm a22002532a 4500 |
| 001 |
001077770 |
| 003 |
CZ BrMZK |
| 005 |
20111124124748.0 |
| 007 |
qu |
| 008 |
091203s1951 xr |||||||||||||||||cze d |
| 040 |
|
|
|a BOA001
|b cze
|
| 072 |
|
7 |
|a 784
|x Vokální hudba
|2 Konspekt
|9 9
|
| 100 |
1 |
|
|a Macourek, Harry,
|d 1923-1992
|7 jn19990009921
|4 cmp
|
| 245 |
1 |
0 |
|a Zamilovaný staršina
|h [hudebnina] :
|b mužský sbor a klavír /
|c K. Macourek a A. Palouček ; slova P. Kohout
|
| 260 |
|
|
|a Praha :
|b Ústřední dům armády,
|c 1951
|
| 300 |
|
|
|a 1 sv. (nestránkován)
|
| 490 |
1 |
|
|a Lidová armáda zpívá, hraje a tančí ;
|v č. 47
|
| 700 |
1 |
|
|a Palouček, Alois,
|d 1931-1986
|7 jz8600753
|4 aut
|
| 700 |
1 |
|
|a Kohout, Pavel,
|d 1928-
|7 jk01061137
|4 lyr
|
| 830 |
|
0 |
|a Lidová armáda zpívá, hraje a tančí
|
| 910 |
|
|
|a BOA001
|b Mus4-0289.624
|
| 990 |
|
|
|a MU
|
| 991 |
|
|
|b 200912
|
| 996 |
6 |
|
|b 2610492555
|c Mus4-0289.624
|l MZK
|r Sklad / do 1 hodiny
|n 0
|w 001099438
|u 000020
|a 1
|e BOA001
|j MZK50
|s P
|